[Event "Penang op-B 7th"]
[Site "Penang"]
[Date "2015.12.11"]
[Round "7"]
[White "Tan, Yi Quan Nicholas"]
[Black "Ang, Jing Xuan"]
[Result "0-1"]
[WhiteElo "1498"]
[BlackElo "1635"]
[PlyCount "58"]
[EventDate "2015.12.07"]
[EventType "swiss"]
[EventRounds "9"]
[EventCountry "MAS"]
[SourceTitle "CBM 170 Extra"]
[Source "ChessBase"]
[SourceDate "2016.02.25"]
[SourceVersion "1"]
[SourceVersionDate "2016.02.25"]
[SourceQuality "1"]

1. e4 c5 2. Nc3 e6 3. f4 d6 4. Nf3 Nf6 5. Bc4 a6 6. a3 Nc6 7. d3 Be7 8. 0-0 0-0 9. Qe1 b5 10. Ba2 Bb7 11. h3 Qc7 12. g4 Rfe8 13. f5 exf5 14. g5 Nd7 15. Nh4 Nde5 16. exf5 Nd4 17. Qg3 b4 18. axb4 cxb4 19. Qf2 Ndf3+ 20. Nxf3 Nxf3+ 21. Kg2 bxc3 22. g6 Bh4 23. gxf7+ Kf8 24. fxe8Q+ Rxe8 25. Qa7 Re2+ 26. Rf2 Nd2+ 27. Qxb7 Qxb7+ 28. Kg1 Re1+ 29. Rf1 Rxf1+ 0-1